|
|
|
|
| LEADER |
00611nab a2200169 i 4500 |
| 001 |
misc2807 |
| 005 |
20191106143604.0 |
| 008 |
170607s1913 hu o 0|| hun d |
| 040 |
|
|
|a SZTE Miscellanea Repozitórium
|b hun
|
| 041 |
|
|
|a hun
|
| 100 |
1 |
|
|a Zichy Mihály
|
| 245 |
1 |
0 |
|a Második illusztráció Faust-hoz
|h [elektronikus dokumentum] :
|b [rajz] /
|c Zichy Mihály
|
| 260 |
|
|
|c 1913
|
| 300 |
|
|
|a 32-33
|
| 490 |
0 |
|
|a Kultura [!Kultúra] : irodalmi, művészeti, kritikai képes havi folyóirat
|v 5 No. 1
|
| 695 |
|
|
|a Művészet
|
| 856 |
4 |
0 |
|u http://misc.bibl.u-szeged.hu/2807/1/kultura_005_001_032-033.pdf
|z Dokumentum-elérés
|